| 000 | 01001 a2200229 4500 | ||
|---|---|---|---|
| 999 |
_c9334 _d9334 |
||
| 020 | _a9781849803809 (hardback) | ||
| 020 | _a1849803803 (hardback) | ||
| 050 | 0 | 0 | _aK3585.5 RES 2015 |
| 100 |
_aCalster, Geert Van _eeditor |
||
| 245 | 0 | 0 |
_aResearch handbook on climate change mitigation law / _cedited by Geert Van Calster, Professor, KU Leuven, Belgium; Wim Vandenberghe, Affiliated Fellow, KU Leuven, Belgium; Leonie Reins, Research Fellow, KU Leuven, Belgium. |
| 264 | 1 |
_aCheltenham, UK : _bEdward Elgar Publishing, _c2015 |
|
| 300 |
_axxvi, 754 pages : _billustrations ; |
||
| 500 | _aIncludes bibliographical references and index | ||
| 504 | _aIncludes bibliographical references and index. | ||
| 650 | 0 |
_aClimatic changes _xLaw and legislation. |
|
| 650 | 0 | _aEnvironmental law. | |
| 700 | 1 |
_aCalster, Geert van, _eeditor. |
|
| 700 | 1 |
_aVandenberghe, Wim, _eeditor. |
|
| 700 | 1 |
_aReins, Leonie, _eeditor. |
|
| 942 |
_2lcc _cBK _h3585.5 _iRES _kK |
||